Uplatňovanie vnútornej politiky štátu v cestovnom ruchu na Slovensku diplomová práca

Guardado en:
Detalles Bibliográficos
Autor principal: Farkas, Viktor
Autor Corporativo: Obchodná fakulta EU. Katedra služieb a cestovného ruchu - zrušené
Otros Autores: Pachingerová, Mária
Formato: Libro
Lenguaje:eslovaco
Publicado: Bratislava 2015
Etiquetas: Agregar Etiqueta
Sin Etiquetas, Sea el primero en etiquetar este registro!

MARC

LEADER 00000nbm a2200000 4500
001 0201545
005 20161212104828.9
041 0 |a slo 
044 |a SK 
245 1 0 |a Uplatňovanie vnútornej politiky štátu v cestovnom ruchu na Slovensku  |b diplomová práca  |c Viktor Farkas ; školiteľ: Mária Pachingerová 
264 1 |a Bratislava  |c 2015 
300 |a 82 s. 
100 1 |a Farkas, Viktor 
700 1 |a Pachingerová, Mária 
710 2 |a Obchodná fakulta EU. Katedra služieb a cestovného ruchu - zrušené